MARC

LEADER 00000nam0a2200000 4500
001 250229
005 20231101232537.0
035 |a (RuTPU)RU\TPU\book\272407 
090 |a 250229 
100 |a 20140212d1988 km y0rusy50 ca 
101 0 |a rus 
102 |a RU 
105 |a a z 001zy 
200 1 |a Методические рекомендации по математическому моделированию железорудных месторождений по магнитным полям на ранних стадиях геологоразведочных работ  |f Сибирский научно-исследовательский институт геологии, геофизики и минерального сырья (СНИИГГиМС) 
210 |a Новосибирск  |c Изд-во СНИИГГиМС  |d 1988 
215 |a 131 с.  |c ил. 
320 |a Библиогр.: с. 124-129. 
606 1 |a Железорудные месторождения  |x Поиски и разведка  |2 stltpush  |3 (RuTPU)RU\TPU\subj\10765  |9 37794 
610 1 |a магнитные поля 
610 1 |a математическое моделирование 
610 1 |a интерпретация 
610 1 |a железные руды 
610 1 |a Западный Саян 
610 1 |a железистые кварциты 
610 1 |a запасы 
610 1 |a картирование 
610 1 |a прогнозные ресурсы 
610 1 |a методические рекомендации 
675 |a 553.31:550.8  |v 3 
712 0 2 |a Сибирский научно-исследовательский институт геологии, геофизики и минерального сырья (СНИИГГиМС)  |c (Новосибирск)  |2 stltpush  |3 (RuTPU)RU\TPU\col\322 
801 1 |a RU  |b 63413507  |c 20140212 
801 2 |a RU  |b 63413507  |c 20140214  |g RCR 
942 |c BK